000 00668cam a22002053a 4500
001 42957
003 PGUSA
005 20140828083956.0
008 130616s2013||||xxu|||||s|||||000 | eng d
040 _aPGUSA
_beng
042 _adc
100 1 _aEllicott, C. J.
_q(Charles John),
_d1819-1905
245 1 0 _aModern Skepticism :
_bA Course of Lectures Delivered at the Request of the Christian Evidence Society
_h[electronic resource] /
_cC. J. Ellicott
260 _bProject Gutenberg,
_c2013
506 _aPublic domain in the USA.
516 _aElectronic text
830 0 _aProject Gutenberg
_v42957
856 4 0 _uhttp://www.gutenberg.org/ebooks/42957
942 _cEB
999 _c272209
_d272209